| 000 | 00458nam a2200157Ia 4500 | ||
|---|---|---|---|
| 005 | 20250703014347.0 | ||
| 008 | 240331s9999 xx 000 0 und d | ||
| 020 | _a9559355031 | ||
| 082 |
_bCHA _a392 |
||
| 100 | _aChandana,O | ||
| 245 | 0 |
_aHurulu mangalyaya : _bHurulu devalaya janawara gaveshanaya |
|
| 260 |
_aRatmalana _bPethikada Publishers & press _c1997 |
||
| 300 | _a117 p ., | ||
| 500 | _aHurulu Festival - Temple , Janawara Exploration | ||
| 942 | _cL | ||
| 999 |
_c5054 _d5054 |
||